| 000 | 00919cam a2200277 4500 | ||
|---|---|---|---|
| 008 | 090401t1992 xxu||||| |||| 00| 0 eng d | ||
| 020 | _a0860173402 | ||
| 035 | _a(Sirsi) u52435 | ||
| 041 | _aeng | ||
| 050 | _a690.12 | ||
| 110 |
_aConstruction Industry Research and Information Association _94810 |
||
| 245 | _aWall technology. Volume C: small units on framed buildings. | ||
| 260 |
_aLondon _bCIRIA _c1992 |
||
| 300 | _a(104)p. : ill. ; 30cm. | ||
| 350 | _a0 | ||
| 490 |
_aCIRIA Special Publication _v87 |
||
| 650 | _aBUILT ENVIRONMENT-CONSTRUCTION DESIGN | ||
| 650 | _aCLADDING | ||
| 650 | _aBUILT ENVIRONMENT-BUILDING ELEMENTS-COMPLETE BUILDING ELEMENTS-FRAMES | ||
| 650 | _aMASONRY CLADDING | ||
| 650 | _aWALL TECHNOLOGY | ||
| 650 | _aBUILT ENVIRONMENT-BUILDING ELEMENTS-COMPLETE BUILDING ELEMENTS-WALLS | ||
| 690 | _aBUILT ENVIRONMENT-CONSTRUCTION DESIGN | ||
| 942 | _n0 | ||
| 948 | _c04/03/1997 | ||
| 999 |
_c93069 _d93069 |
||